000 00457nam a2200181Ia 4500
008 090124s9999 xx 000 0 und d
082 _b13531
_a3234
100 _aमिरासदार द.मा.
245 _a नेम
250 _a1
260 _c1963
300 _a94
600 _aमिरासदार द.मा.
630 _a नेम
700 _aमिरासदार द.मा.
730 _a नेम
942 _cBOOK
999 _c127470
_d127470